000 01120nam a22002657a 4500
005 20140314102819.0
008 140314t2008 enkabdogr|||| 00| 0 spa d
020 _a9781845933906
041 _aeng
044 _aenk
082 _a631.5
_bC11e
110 2 _aCentre for Agricultural Bioscience International
_921627
242 1 0 _aEvaluación del riesgo ambiental de organismos modificados genéticamente
_ceditado por A. Hilbeck y D. Andow
_yspa
245 1 0 _aEnvironmental risk assessment of genetically modified organisms
_ceditado por A. Hilbeck y D. Andow
260 3 _aLondon
_bBiddles Ltd
_c2008
300 _a360 p.
_bil., fot., mapas, tablas, gráficas
_c24.5 cm
504 _aIncluye bibliografía al final de cada capitulo
590 _a242 traducción por parte de la agencia catalogadora
650 4 _aIngeniería genética
_xCosecha
_xAspectos ambientales
_921628
650 4 _aPlantas transgenericas
_xEvaluación de riesgos
_921629
650 4 _aMaíz
_xIngeniería genética
_xEstudio de casos
_zKenya
_921630
700 1 _aHilbeck, A
_eed
_921631
700 1 _aAndow, D
_eed
_921632
942 _2ddc
_cImpreso
999 _c8292
_d8292